000 02125cam a2200397 i 4500
001 bcotR000070
005 20210215102139.0
006 m o d
007 cr cn ---uuuuu
008 141024s2014 xx o 000 0 eng d
035 _a(Sirsi) bcviu000972
035 _a(OCoLC)896066640
037 _bBCOpenCampus
_cCostFree
_fFormOnline
_gAccessOpen
040 _aBNM
_beng
_dCaBSKC
_erda
050 4 _aHM1013
_b.S73 2014
100 1 _aStangor, Charles,
_eauthor.
245 1 0 _aPrinciples of social psychology /
_cCharles Stangor.
250 _a1st international ed. /
_bRajiv Jhangiani and Hammond Tarry.
264 1 _bBCcampus Open Textbook Project,
300 _a1 online resource (561 pages)
500 _aThis work is licensed under the Creative Commons Attribution-NonCommercial-ShareAlike License.
500 _aThis bibliographic record is available under the Creative Commons CC0 "No Rights Reserved" license.
520 _a"The first International edition of this textbook provides students with an introduction to the basic concepts and principles of social psychology from an interactionist perspective. The presentation of classic studies and theories are balanced with insights from cutting-edge, contemporary research. An emphasis on real world examples and applications is intended to guide students to critically analyze their situations and social interactions in order to put their knowledge to effective use."--BCcampus website.
588 _aDescription based on version viewed on BCcampus OpenEd website; title from pdf title page.
650 0 _aSocial psychology
_vTextbooks.
655 0 _aElectronic books.
700 1 _aJhangiani, Rajiv,
_eauthor.
700 1 _aTarry, Hammond,
_eauthor.
710 2 _aBC Open Textbook Project,
_eissuing body.
710 2 _aBCcampus.
856 4 0 _3BC Open Textbook Project
_uhttps://open.bccampus.ca/find-open-textbooks/?uuid=66c0cf64-c485-442c-8183-de75151f13f5
999 _c28222
_d28222